Pierce The Veil - Drella Lyric Quiz!! - Statistics

General Stats
  • This quiz has been taken 21 times
  • The average score is 150 of 254
Answer Stats
Answer % Correct
a
93%
A
93%
An
93%
Cinderella’s
93%
I
93%
the
93%
You
93%
you
93%
your
93%
And
86%
and
86%
be
86%
You’re
86%
you’re
86%
in
79%
it
79%
It
79%
Now
79%
now
79%
busy
71%
But
71%
could
71%
did
71%
drawing
71%
hearts
71%
I’ve
71%
my
71%
on
71%
so
71%
to
71%
we
71%
about?
64%
are
64%
around
64%
been
64%
broke
64%
didn’t
64%
driving
64%
run
64%
She
64%
sun
64%
that
64%
think
64%
up
64%
What
64%
what
64%
Do
57%
(Drella,
57%
Drella)
57%
fingers
57%
glass
57%
gone
57%
how
57%
If
57%
Like
57%
like
57%
me
57%
of
57%
Oh,
57%
see
57%
talk
57%
talking
57%
when
57%
who
57%
another
50%
as
50%
baby,
50%
bracelet
50%
could’ve
50%
down
50%
explosion
50%
front
50%
get
50%
had
50%
house?
50%
I’ll
50%
I’m
50%
into
50%
just
50%
lasted
50%
mirror
50%
nice
50%
off
50%
seat
50%
sleeping
50%
swallowed
50%
tonight
50%
Tonight
50%
we’re
50%
wrist
50%
Almost
43%
alone
43%
back?
43%
crazy
43%
leaves
43%
light
43%
love
43%
middle-class
43%
night
43%
only
43%
open
43%
or
43%
seem
43%
someone
43%
that’s
43%
too
43%
Tore
43%
us
43%
want
43%
way
43%
you'd
43%
actually
36%
buried
36%
can
36%
cares
36%
‘cause
36%
(‘cause
36%
center
36%
dark
36%
Don’t
36%
drive
36%
dynamite
36%
finally
36%
know)
36%
leaf
36%
nobody’s
36%
not
36%
one
36%
out
36%
Red
36%
red
36%
said
36%
say
36%
stars
36%
there’s
36%
water
36%
Will
36%
window?
36%
asleep
29%
because
29%
better
29%
concrete
29%
crushed
29%
deep
29%
fall
29%
feels
29%
life
29%
Looks
29%
million
29%
(Murder
29%
ring)
29%
separate
29%
single
29%
sky
29%
snuck
29%
sparks
29%
collide
21%
miss
21%
save
21%
They’re
21%
climbing
14%
No matching quizzes found
Score Distribution
Percent of People with Each Score
Percentile by Number Answered
Your Score History
You have not taken this quiz